[Event "FSV-ch 2010"]
[Site "Dortmund"]
[Date "2010.04.22"]
[Round "2.5"]
[White "Dite, Alexander"]
[Black "Lauche, Christoph"]
[Result "0-1"]
[WhiteElo "1598"]
[BlackElo "1949"]
[PlyCount "104"]
[EventDate "2010.??.??"]

1. d4 g6 2. c4 f5 3. Nf3 Bg7 4. g3 Nf6 5. Bg2 d6 6. O-O O-O 7. Nc3 Qe8 8. d5 a5
9. Nd4 e5 10. dxe6 Na6 11. e4 fxe4 12. Nxe4 Nxe4 13. Bxe4 Nc5 14. Bg2 c6 15.
Re1 Qe7 16. Rb1 Qf6 17. Be3 Nxe6 18. Nxe6 Bxe6 19. Qxd6 Bxc4 20. Qxf6 Bxf6 21.
b3 Bd3 22. Rbd1 Bf5 23. Bb6 a4 24. Be4 Bxe4 25. Rxe4 axb3 26. axb3 Rfe8 27. f3
Rxe4 28. fxe4 Ra2 29. b4 Re2 30. b5 cxb5 31. Rd7 b4 32. Rxb7 b3 33. Bd8 Bxd8
34. Rxb3 Be7 35. g4 Rxe4 36. h3 Kf7 37. Rf3+ Ke6 38. Kg2 Bd6 39. Rb3 Rd4 40.
Rb7 Be7 41. Rb3 Bg5 42. Rb7 Rd7 43. Rb6+ Ke5 44. Rb5+ Rd5 45. Rb7 h6 46. Rb6
Rd6 47. Rb5+ Ke4 48. Rb4+ Rd4 49. Rb6 Rd2+ 50. Kf1 Kf3 51. Ke1 Rh2 52. Rxg6
Rh1# 0-1

[Event "FSV-ch 2010"]
[Site "Dortmund"]
[Date "2010.04.22"]
[Round "2.6"]
[White "Kropp, Andreas J"]
[Black "Dieckmann, Rudolf"]
[Result "1-0"]
[WhiteElo "1937"]
[BlackElo "1566"]
[PlyCount "61"]
[EventDate "2010.??.??"]

1. d4 d5 2. Nf3 Nf6 3. c4 e6 4. Nc3 dxc4 5. e3 b6 6. Bxc4 Bb7 7. O-O Be7 8.
Qa4+ c6 9. Ne5 b5 10. Nxb5 cxb5 11. Qxb5+ Nbd7 12. Qxb7 O-O 13. Nc6 Qe8 14. Bd2
Bd6 15. Bb4 Bxb4 16. Qxb4 Nb6 17. Ne5 Nfd5 18. Qd2 f6 19. Bxd5 exd5 20. Nd3 Nc4
21. Qe2 Qe4 22. b3 Nd6 23. Nc5 Qf5 24. Rac1 h5 25. h3 g6 26. Qd3 Kf7 27. Qa6
Rfd8 28. Nb7 Nxb7 29. Qxb7+ Ke8 30. Rc7 Qe6 31. Rh7 1-0

[Event "FSV-ch 2010"]
[Site "Dortmund"]
[Date "2010.04.22"]
[Round "2.7"]
[White "Benke, Werner"]
[Black "Borjini, Faouzi"]
[Result "0-1"]
[WhiteElo "1552"]
[BlackElo "1915"]
[PlyCount "70"]
[EventDate "2010.??.??"]

1. d4 Nf6 2. Nf3 g6 3. g3 b6 4. Bg2 Bb7 5. b3 Bg7 6. O-O c5 7. e3 cxd4 8. exd4
O-O 9. Bb2 d6 10. Nbd2 Nbd7 11. Re1 Rc8 12. Rc1 Nd5 13. c3 Re8 14. Nc4 b5 15.
Ne3 Nxe3 16. fxe3 Nf6 17. Nd2 Bxg2 18. Kxg2 d5 19. e4 dxe4 20. Nxe4 Nxe4 21.
Rxe4 Qd5 22. Qf3 f5 23. Re2 Qxf3+ 24. Kxf3 e5 25. dxe5 Rxe5 26. Rxe5 Bxe5 27.
Rc2 Kf7 28. h3 Rd8 29. g4 Rd3+ 30. Ke2 Rxh3 31. gxf5 gxf5 32. Rd2 Rh2+ 33. Kd3
Rxd2+ 34. Kxd2 b4 35. Kd3 h5 0-1

[Event "FSV-ch 2010"]
[Site "Dortmund"]
[Date "2010.04.22"]
[Round "2.8"]
[White "Morawietz, Manuel"]
[Black "Baier, Jörg"]
[Result "1-0"]
[WhiteElo "1891"]
[BlackElo "1541"]
[PlyCount "37"]
[EventDate "2010.??.??"]

1. e4 c5 2. Nf3 d6 3. d4 cxd4 4. Nxd4 Nf6 5. Nc3 a6 6. Be3 Nbd7 7. Nb3 e6 8. f4
Nc5 9. Nxc5 dxc5 10. Qxd8+ Kxd8 11. O-O-O+ Ke8 12. Be2 h5 13. h3 g6 14. Bf3 Be7
15. Rd2 Kf8 16. e5 Nd7 17. Rhd1 Ra7 18. Rxd7 Bxd7 19. Rxd7 1-0

[Event "FSV-ch 2010"]
[Site "Dortmund"]
[Date "2010.04.22"]
[Round "2.9"]
[White "Gerke, Dieter"]
[Black "Hillebrand, Carsten"]
[Result "0-1"]
[WhiteElo "1503"]
[BlackElo "1877"]
[PlyCount "94"]
[EventDate "2010.??.??"]

1. d4 Nf6 2. c4 g6 3. Nc3 Bg7 4. e4 d6 5. Be2 a5 6. Be3 O-O 7. Nf3 Na6 8. h3
Nd7 9. Qd2 e5 10. Rd1 Qe8 11. Bh6 exd4 12. Bxg7 Kxg7 13. Qxd4+ f6 14. O-O Ndc5
15. Rfe1 Nb4 16. Nd5 Ne6 (16... Nc2 $2 17. Nxc7 Qf7 18. Qxd6 Nxe1 19. Nxa8
Nxf3+ 20. Bxf3) 17. Nxc7 Nxc7 18. Qxd6 Qf7 19. e5 Ne8 20. Qc5 Nc6 21. exf6+
Qxf6 22. Bf1 Bf5 (22... Bxh3 23. gxh3 Qxf3 24. Rd7+ (24. Bg2 Qf5) 24... Kh8 25.
Bg2 Qf6 26. Bxc6 bxc6 27. Ree7 Rb8 28. Rxh7+ Kg8 29. Rde7 (29. Qa7 Qg5+ 30. Kh2
Qf4+) 29... Rxb2) 23. Nd4 Nxd4 24. Rxd4 (24. Re7+ Rf7) 24... Rf7 25. Rf4 Qd6
26. Qe3 Nf6 27. c5 (27. Rxf5 gxf5 28. Qg5+ Kh8 $19) (27. Qg3 Nh5 28. Qc3+ Qf6
29. Rd4) (27. Rd4 Qc5 28. Qc3) 27... Qc7 28. Rh4 Kh8 29. Bb5 Raf8 30. Qc3 Rg7
31. Rd4 h6 32. g4 Bc8 33. Rd6 Ng8 34. Rxg6 (34. Bd3 Qf7) 34... Qf7 35. Rxg7
Qxg7 36. Qe3 Qf6 37. Bd3 Kg7 38. Qe4 Qxf2+ 39. Kh1 Qf3+ 40. Kh2 Qxe4 41. Rxe4
Rf2+ 42. Kg3 Rxb2 43. Re8 Bd7 44. Rd8 Nf6 45. Bc4 Rc2 46. Bd5 Rc3+ 47. Kh4 Bc6
0-1

[Event "FSV-ch 2010"]
[Site "Dortmund"]
[Date "2010.04.22"]
[Round "2.10"]
[White "Behler, Nils"]
[Black "Reinacher, Detlev"]
[Result "1/2-1/2"]
[WhiteElo "1779"]
[BlackElo "1502"]
[PlyCount "64"]
[EventDate "2010.??.??"]

1. e4 d6 2. d4 g6 3. c3 Bg7 4. Be3 c6 5. Qd2 Nf6 6. f3 Nbd7 7. Bh6 O-O 8. Na3
a6 9. g4 e5 10. Bxg7 Kxg7 11. h4 h5 12. g5 Nh7 13. Bh3 b5 14. Rd1 Nb6 15. dxe5
Bxh3 16. Nxh3 dxe5 17. Qe3 Qc7 18. O-O Rad8 19. Nf2 Rxd1 20. Rxd1 Rd8 21. Rxd8
Qxd8 22. Qc5 Qc7 23. Nd3 Nd7 24. Qf2 a5 25. Nc2 c5 26. Ne3 c4 27. Nd5 Qd6 28.
Ne1 f6 29. Qa7 Qc5+ 30. Qxc5 Nxc5 31. gxf6+ Nxf6 32. Nb6 Nfd7 1/2-1/2

[Event "FSV-ch 2010"]
[Site "Dortmund"]
[Date "2010.04.22"]
[Round "2.11"]
[White "Völler, Lothar"]
[Black "Stukemeier, Ralf"]
[Result "0-1"]
[WhiteElo "1500"]
[BlackElo "1756"]
[PlyCount "68"]
[EventDate "2010.??.??"]

1. e4 e5 2. Nf3 Nc6 3. d4 exd4 4. Nxd4 Bc5 5. Nxc6 Qf6 6. Qf3 dxc6 7. Qxf6 Nxf6
8. Bd3 O-O 9. O-O Ng4 10. Bf4 Bd6 11. Bg3 Be6 12. Nc3 Rfe8 13. f4 f6 14. h3 Ne3
15. Rfe1 Nc4 16. Nd1 Bf7 17. b3 Nb6 18. c3 Rad8 19. Nb2 Ba3 20. Nc4 Rxd3 21.
Nxa3 Rxg3 22. c4 Rd8 23. c5 Na4 24. e5 fxe5 25. Rxe5 Rd2 26. bxa4 Rxa3 27. Rb1
Raxa2 28. Rg5 Rab2 29. Re1 Re2 30. Rd1 Bd5 31. f5 Rxg2+ 32. Rxg2 Rxg2+ 33. Kf1
Rb2 34. Re1 Kf7 0-1

[Event "FSV-ch 2010"]
[Site "Dortmund"]
[Date "2010.04.22"]
[Round "2.12"]
[White "Sonntag, Joachim"]
[Black "Rzoczek, Christoph"]
[Result "1/2-1/2"]
[WhiteElo "1745"]
[BlackElo "1497"]
[PlyCount "107"]
[EventDate "2010.??.??"]

1. e4 d5 2. exd5 Qxd5 3. Nc3 Qd6 4. d4 c6 5. Nf3 Bf5 6. Bc4 Nf6 7. O-O e6 8.
Ne5 Nbd7 9. Bf4 Qb4 10. Bb3 Be7 11. Nxd7 Nxd7 12. a3 Qa5 13. Qf3 Nf6 14. h3 O-O
15. Rfe1 Qd8 16. Rad1 Rc8 17. Be5 h6 18. Ne2 Nd5 19. Ng3 Bg6 20. c4 Nf6 21. Qe3
Re8 22. f4 Qb6 23. Kh1 Nd7 24. Qc3 Nxe5 25. fxe5 Bh4 26. Rf1 Qd8 27. Qf3 Qg5
28. Ne4 Bxe4 29. Qxe4 Bg3 30. Rd3 h5 31. Qf3 h4 32. Qxf7+ Kh8 33. Qf3 Rf8 34.
Qe2 Rf4 35. Rxf4 Bxf4 36. c5 Qg6 37. Bc2 Qg5 38. Qe4 Rf8 39. Rf3 g6 40. Qxg6
Qxg6 41. Bxg6 Kg7 42. Bh5 Bc1 43. g3 Rxf3 44. Bxf3 Bxb2 45. Bg4 hxg3 46. Bxe6
Bxd4 47. Bc8 b6 48. cxb6 axb6 49. e6 c5 50. Ba6 Kf6 51. Bc4 b5 52. Bxb5 Kxe6
53. Kg2 Be5 54. Bc4+ 1/2-1/2

[Event "FSV-ch 2010"]
[Site "Dortmund"]
[Date "2010.04.22"]
[Round "2.13"]
[White "Milonas, Georgios"]
[Black "Raskin, Vitali"]
[Result "0-1"]
[WhiteElo "1449"]
[BlackElo "1738"]
[PlyCount "114"]
[EventDate "2010.??.??"]

1. e4 e5 2. Nf3 Nc6 3. Bb5 a6 4. Ba4 Nf6 5. O-O b5 6. Bb3 Be7 7. Re1 O-O 8. a4
Bb7 9. c3 Na5 10. Bc2 d5 11. exd5 Qxd5 12. Rxe5 Qd7 13. Bf5 Qd6 14. d4 Nc4 15.
Re1 g6 16. Bh3 Rfe8 17. b3 Nb6 18. Ba3 Qd8 19. Bxe7 Rxe7 20. Rxe7 Qxe7 21. Nbd2
Nbd5 22. c4 Nf4 23. axb5 Nxh3+ 24. gxh3 axb5 25. Rxa8+ Bxa8 26. Qe1 Qd7 27. Qe5
Kg7 28. Qg3 Qf5 29. cxb5 Qc2 30. Qf4 Qc1+ 31. Kg2 Bd5 32. Qe3 Qd1 33. Qf4 Qc1
34. Qe3 Kg8 35. Nc4 Qd1 36. Ncd2 Kf8 37. Qh6+ Kg8 38. Qe3 Kg7 39. Qf4 Bxf3+ 40.
Nxf3 Qxb3 41. Qxc7 Qxb5 42. Qf4 Qd5 43. Qg3 h6 44. Qf4 g5 45. Qg3 Kg6 46. Qe5
Qc6 47. Qe3 Nh5 48. Kg1 Qc2 49. Ne5+ Kg7 50. Nf3 Nf4 51. Qe5+ Kh7 52. Qe1 Nxh3+
53. Kg2 Nf4+ 54. Kh1 Qd3 55. Ne5 Qxd4 56. Qb1+ Kg7 57. Qe1 Qd5+ {Weiss gab auf.
} (57... Qd5+ 58. f3 f6 $18) 0-1

[Event "FSV-ch 2010"]
[Site "Dortmund"]
[Date "2010.04.22"]
[Round "2.14"]
[White "Raszelenberg, Patrick"]
[Black "Tautz, Eugen"]
[Result "1/2-1/2"]
[WhiteElo "1733"]
[BlackElo "1426"]
[PlyCount "133"]
[EventDate "2010.??.??"]

1. e4 c5 2. Nf3 Nc6 3. d4 cxd4 4. Nxd4 e6 5. Be3 Nf6 6. Nd2 a6 7. Be2 Bb4 8. c3
Be7 9. g4 h6 10. f4 d6 11. Rg1 Nxd4 12. cxd4 Qa5 13. Kf2 Bd7 14. g5 hxg5 15.
fxg5 Ng8 16. Nc4 Qd8 17. Qd2 Rxh2+ 18. Kg3 Rh8 19. e5 Bb5 20. Rh1 Rxh1 21. Rxh1
Qc7 22. Rc1 Bxc4 23. Rxc4 Qd7 24. Qc2 Bd8 25. Qh7 Kf8 26. Qc2 Ne7 27. Qh7 Nf5+
28. Kf2 Nxe3 29. Kxe3 Bxg5+ 30. Kf2 Qd8 31. exd6 Qf6+ 32. Bf3 Qh6 33. Qxh6 gxh6
34. Bxb7 Rb8 35. Rc8+ Rxc8 36. Bxc8 a5 37. Kf3 Bf6 38. Ke4 h5 39. Ba6 h4 40.
Bf1 Ke8 41. b3 Kd8 42. d5 Kd7 43. dxe6+ fxe6 44. a3 Kxd6 45. Kd3 Kc5 46. Bh3 e5
47. Ke4 Kd6 48. Kf5 Bd8 49. Ke4 Bb6 50. Kd3 Bc5 51. a4 Bb4 52. Ke4 Be1 53. Bg2
Ke6 54. Bh3+ Kf6 55. Kd5 Bc3 56. Kc4 Bd4 57. b4 axb4 58. Kxb4 Kg5 59. Kc4 Kf4
60. Kd3 Kg3 61. Bf5 h3 62. Be4 h2 63. Bh1 Kf2 64. Ke4 Kg1 65. Bf3 h1=Q 66. Bxh1
Kxh1 67. a5 1/2-1/2

[Event "FSV-ch 2010"]
[Site "Dortmund"]
[Date "2010.04.22"]
[Round "2.15"]
[White "Hast, Stefan"]
[Black "Grube, Jörg"]
[Result "0-1"]
[WhiteElo "1219"]
[BlackElo "1684"]
[PlyCount "100"]
[EventDate "2010.??.??"]

1. e4 e5 2. Nf3 Nc6 3. Bc4 Nf6 4. Ng5 d5 5. exd5 b5 6. Bxb5 Qxd5 7. Bxc6+ Qxc6
8. O-O h6 9. Nf3 Bb7 10. Ne1 O-O-O 11. d3 g5 12. Be3 Kb8 13. Nd2 Bb4 14. a3
Bxd2 15. Qxd2 g4 16. Qa5 a6 17. Qxe5 Rd5 18. Qc3 Qe6 19. Bd4 Rf5 20. Bxf6 Rxf6
21. d4 Re8 22. f3 gxf3 23. Nxf3 Qg4 24. Rf2 Rg8 25. d5 Rf5 26. Ne5 Qg5 27. Nf3
Qg4 28. Rd1 Bxd5 29. Rxd5 Rxd5 30. Qb3+ Rb5 31. Qc3 h5 32. Nd4 Rb6 33. h3 Qe4
34. Re2 Qd5 35. a4 Kc8 36. a5 Rbg6 37. Qf3 Qxd4+ 38. Kh2 Qd6+ 39. Kg1 Qd1+ 40.
Kh2 Rxg2+ 41. Rxg2 Qxf3 42. Rxg8+ Kd7 43. Rg2 Qf4+ 44. Kh1 Qc1+ 45. Kh2 Qxb2
46. Rd2+ Ke6 47. Re2+ Kd5 $4 48. Kg3 $4 (48. c4+ $1 {
und Weiss gewaenne sowohl die Dame als auch die Partie!}) 48... Qa3+ 49. Kf4
Qxh3 50. c4+ Kxc4 0-1

[Event "FSV-ch 2010"]
[Site "Dortmund"]
[Date "2010.04.22"]
[Round "2.17"]
[White "Jost, Udo"]
[Black "Rüttiger, Volker"]
[Result "1-0"]
[WhiteElo "1770"]
[BlackElo "1256"]
[PlyCount "81"]
[EventDate "2010.??.??"]

1. e4 c6 2. d4 d5 3. Nc3 dxe4 4. Nxe4 Bf5 5. Ng3 e6 6. Nf3 Nd7 7. Bc4 Be7 8.
Qe2 Ngf6 9. Bb3 O-O 10. h3 Re8 11. O-O Bd6 12. Nxf5 exf5 13. Qd3 f4 14. Bd2 b5
15. Ng5 Rf8 16. Rfe1 h6 17. Nf3 a5 18. c3 Nb6 19. Bc2 Nbd5 20. b3 Qc7 21. Re5
Ne7 22. c4 Ng6 23. Rf5 Nd7 24. Bc3 bxc4 25. bxc4 c5 26. d5 Rae8 27. Rxf7 Rxf7
28. Qxg6 Nf8 29. Qh5 Ra8 30. Re1 Nh7 31. Re6 Nf8 32. Qg4 Qd8 33. Rxh6 Raa7 34.
Ng5 Qd7 35. Ne6 f3 36. gxf3 Rf4 37. Qg2 Nxe6 38. dxe6 Qe7 39. Qg6 Qb7 40. Rh8+
Kxh8 41. Qh7# 1-0

[Event "FSV-ch 2010"]
[Site "Dortmund"]
[Date "2010.04.22"]
[Round "2.18"]
[White "Maffei, Hendrik"]
[Black "Krüger, Georg"]
[Result "0-1"]
[WhiteElo "1203"]
[BlackElo "1649"]
[PlyCount "108"]
[EventDate "2010.??.??"]

1. Nf3 Nf6 2. g3 g6 3. d3 d5 4. Bg2 Bg7 5. Bg5 O-O 6. O-O h6 7. Bxf6 Bxf6 8. d4
c5 9. c3 b6 10. Qd2 Bg7 11. a4 Nc6 12. Na3 Na5 13. Qd1 Nc6 14. Nc2 Bb7 15. a5
Nxa5 16. Ne3 e6 17. Ne5 Nc6 18. f4 Qc7 19. Nxc6 Bxc6 20. Ng4 Bb7 21. Ne5 Kh7
22. e3 f6 23. Nf3 a5 24. Nh4 c4 25. Qg4 Qf7 26. Qd1 b5 27. Qc2 Bc6 28. Bf3 f5
29. b3 cxb3 30. Qxb3 Rfb8 31. Bg2 Bf8 32. Nf3 Qb7 33. Ne5 Be8 34. h4 Qc7 35. g4
Rc8 36. gxf5 gxf5 37. Rfc1 Be7 38. Nf3 Qc4 39. Qd1 Qc7 40. Kf2 Qd8 41. Qh1 b4
42. Ng5+ hxg5 43. hxg5+ Kg8 44. Qh4 Bf8 45. Rh1 Bg7 46. Qh7+ Kf8 47. g6 Rxc3
48. Rag1 Qf6 49. Bf1 b3 50. Qh5 a4 51. Kf3 Qxd4 52. Bd3 Rxd3 53. Ke2 Qxe3+ 54.
Kf1 Rc8 0-1

[Event "FSV-ch 2010"]
[Site "Dortmund"]
[Date "2010.04.22"]
[Round "2.19"]
[White "Da Costa, Pablo"]
[Black "Gennat, Egon L"]
[Result "0-1"]
[WhiteElo "1109"]
[BlackElo "1396"]
[PlyCount "86"]
[EventDate "2010.??.??"]

1. e4 d6 2. Nf3 g6 3. Bc4 e6 4. Nc3 Bg7 5. d4 Ne7 6. O-O O-O 7. b3 Nd7 8. Re1
c5 9. Bb2 a6 10. a4 b6 11. Qd2 Qc7 12. d5 e5 13. Qg5 Qd8 14. Ba3 f5 15. exf5
Nxf5 16. Ne4 Nf6 17. c3 Kh8 18. g4 Bh6 19. Qxf6+ Rxf6 20. Nxf6 Qxf6 21. gxf5
Bxf5 22. Bb2 e4 23. Ne5 Bh3 24. Bf1 Bxf1 25. Kxf1 dxe5 26. c4 Rf8 27. Re2 Kg8
28. Ke1 Qf3 29. Kd1 Qxb3+ 30. Ke1 Qf3 31. Kd1 Qd3+ 32. Ke1 Rf5 33. Bc1 Qc3+ 34.
Rd2 Qxa1 35. Ke2 Bxd2 36. Bxd2 Qd4 37. Be3 Qxc4+ 38. Kd2 Qxd5+ 39. Ke2 Qd3+ 40.
Ke1 Rh5 41. f3 Qxe3+ 42. Kd1 Rxh2 43. fxe4 Qd2# 0-1

[Event "FSV-ch 2010"]
[Site "Dortmund"]
[Date "2010.04.22"]
[Round "2.20"]
[White "Raabe, Hans-Ulrich"]
[Black "Pfeffer, Josef"]
[Result "1-0"]
[WhiteElo "1394"]
[BlackElo "1144"]
[PlyCount "95"]
[EventDate "2010.??.??"]

1. e4 e5 2. Nf3 d6 3. d4 exd4 4. Nxd4 g6 5. Nc3 Bg7 6. Be3 a6 7. Qd2 h6 8. Bc4
c6 9. O-O Nd7 10. Rad1 b5 11. Nxc6 Qc7 12. Bd5 Bb7 13. Nb4 Ne7 14. Bxb7 Qxb7
15. Bd4 Nf6 16. Qf4 Nh5 17. Qxd6 Bxd4 18. Qxd4 O-O 19. Qd7 Ra7 20. Qxb7 Rxb7
21. Nxa6 b4 22. Nd5 Nc6 23. Nc5 Ra7 24. Nd3 Rb8 25. Ra1 Kg7 26. a4 Nf6 27. Nxf6
Kxf6 28. c3 b3 29. Rfd1 Rd7 30. Nc5 Rxd1+ 31. Rxd1 Ne5 32. Nd7+ Nxd7 33. Rxd7
Ke6 34. Rd4 Ke5 35. g3 f5 36. f4+ Kf6 37. e5+ Ke7 38. Kf2 g5 39. Kf3 g4+ 40.
Ke2 h5 41. Kd3 Rh8 42. Kc4 h4 43. Kxb3 hxg3 44. hxg3 Rb8+ 45. Ka3 Rd8 46. Rxd8
Kxd8 47. Kb4 Kd7 48. Kc5 1-0

[Event "FSV-ch 2010"]
[Site "Dortmund"]
[Date "2010.04.22"]
[Round "2.21"]
[White "Rabe, Mark"]
[Black "Beckers, Jürgen"]
[Result "1/2-1/2"]
[WhiteElo "982"]
[BlackElo "1381"]
[PlyCount "43"]
[EventDate "2010.??.??"]

1. e4 e5 2. Bc4 Nf6 3. d3 Nc6 4. Nf3 Be7 5. Nc3 d6 6. h3 O-O 7. Be3 Na5 8. g4
Nxc4 9. dxc4 h6 10. Qd2 Nh7 11. O-O-O Be6 12. Nd5 c6 13. Nxe7+ Qxe7 14. Qxd6
Qxd6 15. Rxd6 Bxc4 16. b3 Be2 17. Nxe5 f6 18. Ng6 Rfe8 19. Rd7 b6 20. Ne7+ Kh8
21. Ng6+ Kg8 22. Ne7+ 1/2-1/2

[Event "FSV-ch 2010"]
[Site "Dortmund"]
[Date "2010.04.22"]
[Round "2.22"]
[White "Vogt, Christian"]
[Black "Wangrin, Stefan A"]
[Result "0-1"]
[WhiteElo "1374"]
[BlackElo "1077"]
[PlyCount "76"]
[EventDate "2010.??.??"]

1. d4 c6 2. c4 e6 3. Nf3 Nf6 4. Nc3 d5 5. Bg5 Be7 6. e3 Nbd7 7. cxd5 exd5 8.
Bd3 O-O 9. O-O Re8 10. Qc2 Nf8 11. Bxf6 Bxf6 12. b4 a6 13. a4 Qd6 14. Rfb1 Bd7
15. Bf5 Rad8 {(=)} 16. b5 c5 17. bxa6 bxa6 18. a5 Rb8 19. Bxd7 Rxb1+ 20. Rxb1
Nxd7 21. Qf5 cxd4 22. exd4 Rb8 23. Rxb8+ Nxb8 24. Nxd5 Qc6 25. Nxf6+ gxf6 26.
Qc5 Qb5 27. h3 Nc6 28. Qxb5 axb5 29. a6 b4 30. d5 Na7 31. Nd4 Kf8 32. Nc6 b3
33. Nxa7 b2 34. d6 b1=Q+ 35. Kh2 Qb6 36. d7 Qc7+ 37. Kg1 Qxd7 38. Nb5 Qxb5 0-1

[Event "FSV-ch 2010"]
[Site "Dortmund"]
[Date "2010.04.22"]
[Round "2.23"]
[White "Riepe, Markus"]
[Black "Skalweit, Wolfgang"]
[Result "0-1"]
[WhiteElo "828"]
[BlackElo "1367"]
[PlyCount "98"]
[EventDate "2010.??.??"]

1. d4 d5 2. c4 e6 3. Nf3 Nf6 4. Nc3 Nc6 5. Bg5 Be7 6. e3 O-O 7. Be2 Re8 8. O-O
a6 9. c5 b6 10. cxb6 cxb6 11. a3 Bb7 12. Qd3 Nh5 13. Bxe7 Qxe7 14. Bd1 g6 15.
g3 f5 16. Re1 Nf6 17. Qe2 Na5 18. b3 Bc6 19. Bc2 Nb7 20. b4 Nd6 21. Ne5 Bb7 22.
Ba4 b5 23. Bb3 Rac8 24. Rac1 Nc4 25. Nxc4 dxc4 26. Ba2 Qc7 27. e4 Nxe4 28. Nxe4
Bxe4 29. Bb1 Bb7 30. f4 Qc6 31. Rc2 Qh1+ 32. Kf2 Qxh2+ 33. Ke3 Qxg3+ 34. Kd2
Qxf4+ 35. Qe3 Qxe3+ 36. Rxe3 Be4 37. Rc1 Bxb1 38. Rxb1 Rcd8 39. Kc3 Rd5 40.
Rbe1 Kf7 41. Rh3 h5 42. Rh4 Kf6 43. Rd1 Kg5 44. Rh2 Kf6 45. Rh4 Rh8 46. Rdh1
Kg5 47. R4h2 f4 48. Rf2 Kf5 49. Rh4 g5 0-1

[Event "FSV-ch 2010"]
[Site "Dortmund"]
[Date "2010.04.22"]
[Round "2.24"]
[White "Hübel, Carsten"]
[Black "Böckmann, Lieselotte"]
[Result "1-0"]
[WhiteElo "1353"]
[BlackElo "927"]
[PlyCount "63"]
[EventDate "2010.??.??"]

1. c4 Nf6 2. d4 g6 3. g3 Bg7 4. Bg2 O-O 5. Nf3 d6 6. O-O Nbd7 7. Nc3 e6 8. Bd2
a6 9. Qc1 h6 10. Bxh6 Nh7 11. Ne4 Bxh6 12. Qxh6 Ndf6 13. Nfg5 Nxg5 14. Qxg5
Nxe4 15. Qxd8 Rxd8 16. Bxe4 f5 17. Bg2 c6 18. f4 Bd7 19. b4 Ra7 20. e4 b5 21.
c5 Be8 22. exf5 gxf5 23. Rfe1 Re7 24. a4 dxc5 25. dxc5 Kg7 26. axb5 axb5 27.
Red1 Rc8 28. Rd6 e5 29. fxe5 Rxe5 30. Kf2 Re7 31. Re1 Bd7 32. Rxe7+ 1-0

[Event "FSV-ch 2010"]
[Site "Dortmund"]
[Date "2010.04.22"]
[Round "2.25"]
[White "Tekin, Baran"]
[Black "Wilkins, Petra"]
[Result "1-0"]
[WhiteElo "1336"]
[BlackElo "779"]
[PlyCount "87"]
[EventDate "2010.??.??"]

1. d4 d6 2. c4 Nf6 3. Nc3 Nbd7 4. e4 e5 5. Nf3 Be7 6. Be2 O-O 7. O-O c6 8. Be3
a6 9. Qc2 b5 10. b3 Bb7 11. Rfd1 bxc4 12. bxc4 c5 13. dxe5 Ng4 14. exd6 Bf6 15.
Rab1 Bc6 16. Qd3 Nge5 17. Nxe5 Bxe5 18. f4 Bxc3 19. Qxc3 Bxe4 20. Bd3 Qf6 21.
Qxf6 Nxf6 22. Bxe4 Nxe4 23. Rb7 Rfd8 24. d7 h5 25. Rc7 Rab8 26. g3 Rb2 27. Rc8
Rd2 28. Rxd8+ Kh7 29. Bxd2 Nd6 30. Ra8 Nb7 31. d8=Q Nxd8 32. Rxd8 Kh6 33. f5+
Kh7 34. Re1 g6 35. fxg6+ Kxg6 36. Re5 Kf6 37. Bc3 Kg6 38. Rd6+ f6 39. Rxc5 Kf7
40. Rxf6+ Ke7 41. Rc7+ Kd8 42. Ba5 Ke8 43. Rxa6 Kd8 44. Ra8# 1-0

[Event "FSV-ch 2010"]
[Site "Dortmund"]
[Date "2010.04.22"]
[Round "2.26"]
[White "Reker, Gerhard"]
[Black "Kirmes, Hans-Uwe"]
[Result "0-1"]
[WhiteElo "761"]
[BlackElo "1335"]
[PlyCount "37"]
[EventDate "2010.??.??"]

1. e4 c5 2. Nc3 e6 3. Nf3 Nc6 4. Bb5 a6 5. Bxc6 bxc6 6. O-O d5 7. Ne5 Qd6 8. d4
cxd4 9. Qxd4 Rb8 10. Bf4 f6 11. Nf7 (11. Ng6 e5 12. Nxe5 fxe5 13. Bxe5) 11...
Qxf4 12. Nxh8 Bd6 13. g3 Qg4 14. Qa7 Ne7 15. f3 Qh3 16. Ne2 Rb5 17. b3 Bc5+ 18.
Qxc5 Rxc5 19. Nf4 0-1

[Event "FSV-ch 2010"]
[Site "Dortmund"]
[Date "2010.04.22"]
[Round "2.27"]
[White "Krüger, Inge"]
[Black "Saparantzki, Christian"]
[Result "1-0"]
[WhiteElo "1328"]
[BlackElo "758"]
[PlyCount "63"]
[EventDate "2010.??.??"]

1. d4 d5 2. c4 e6 3. Nc3 Nf6 4. Bg5 Be7 5. Nf3 Nc6 6. e3 O-O 7. Be2 h6 8. Bh4
Ne4 9. Bxe7 Nxe7 10. O-O Nxc3 11. bxc3 b6 12. cxd5 exd5 13. Qb3 Be6 14. Rac1
Qd6 15. h3 Rac8 16. Ba6 Rb8 17. a4 Qd8 18. Ne5 c5 19. Qa3 Qd6 20. Nf3 Qc7 21.
Be2 Bd7 22. c4 a6 23. cxd5 b5 24. Rxc5 Qb6 25. Ne5 Qb7 26. Nxd7 Qxd7 27. e4 Rb6
28. axb5 axb5 29. Rfc1 Rc8 30. Rxc8+ Nxc8 31. Bg4 Qa7 32. Rxc8+ 1-0

[Event "FSV-ch 2010"]
[Site "Dortmund"]
[Date "2010.04.22"]
[Round "2.28"]
[White "Stabi, Sabrina"]
[Black "Herrmann, Rudolf"]
[Result "0-1"]
[WhiteElo "740"]
[BlackElo "1289"]
[PlyCount "66"]
[EventDate "2010.??.??"]

1. e4 d5 2. f3 dxe4 3. fxe4 Nf6 4. Nc3 c6 5. d3 Qd4 6. Nge2 Bg4 7. Nxd4 Bxd1 8.
Nxd1 e6 9. Bf4 Nbd7 10. e5 Nd5 11. Bg3 Be7 12. Nf3 Nb4 13. Nd4 O-O 14. c3 Nd5
15. Nf2 Bg5 16. Nf3 Bh6 17. d4 Ne3 18. Bd3 Nxg2+ 19. Kf1 Ne3+ 20. Ke2 c5 21.
Ng4 Nxg4 22. Rhf1 g6 23. h3 Ne3 24. Rg1 cxd4 25. cxd4 Nd5 26. Nd2 Be3 27. Rgf1
Bxd4 28. Rab1 Bxe5 29. Bxe5 Nxe5 30. Bc4 Rfd8 31. b3 a6 32. Nf3 Nxc4 33. bxc4
Nc3+ 0-1

[Event "FSV-ch 2010"]
[Site "Dortmund"]
[Date "2010.04.29"]
[Round "3.1"]
[White "Borjini, Faouzi"]
[Black "Lindam, Ingo"]
[Result "1/2-1/2"]
[WhiteElo "1915"]
[BlackElo "2068"]
[PlyCount "44"]
[EventDate "2010.??.??"]

1. d4 d6 2. e4 g6 3. Bc4 Bg7 4. Nf3 Nf6 5. Nc3 O-O 6. O-O Nxe4 7. Nxe4 d5 8.
Bd3 dxe4 9. Bxe4 c5 10. dxc5 Qc7 11. c3 Nd7 12. c6 bxc6 13. Qa4 Bb7 14. Be3 Nf6
15. Bd3 Nd5 16. Bc5 Rfd8 17. Rad1 e5 18. Qh4 Rd7 19. Ng5 h6 20. Ne4 f5 21. Ng3
e4 22. Bc4 Kh7 {(=)} 1/2-1/2

[Event "FSV-ch 2010"]
[Site "Dortmund"]
[Date "2010.04.23"]
[Round "3.2"]
[White "Zelt, Jens"]
[Black "Morawietz, Manuel"]
[Result "0-1"]
[WhiteElo "2012"]
[BlackElo "1891"]
[PlyCount "128"]
[EventDate "2010.??.??"]

1. c4 Nf6 2. b3 c5 3. g3 d5 4. cxd5 Nxd5 5. Bg2 e5 6. Bb2 Nc6 7. Nc3 Be6 8. d3
Be7 9. Nf3 O-O 10. O-O Nxc3 11. Bxc3 Qc7 12. Qc2 Rac8 13. Rac1 Rfd8 14. Rfd1
Qd6 15. Qb2 f6 16. e3 Rc7 17. d4 cxd4 18. exd4 e4 19. Nd2 f5 20. Nc4 Qd7 21. d5
Bxd5 22. Ne3 Qe6 23. Bxg7 Bg5 24. Bc3 Rcd7 25. Bf1 Ne7 26. Bb5 Bc6 27. Rxd7
Rxd7 28. Bc4 Nd5 29. b4 b5 30. Bb3 Kf8 31. Bd4 Ke8 32. Rc5 Be7 33. Nxf5 Bxc5
34. Ng7+ Rxg7 35. Bxg7 Bxb4 36. Bd4 a5 37. a3 Bd6 38. Qc1 Kd7 39. Qd2 a4 40.
Ba2 Bxa3 41. Qg5 Qg6 42. Qd2 Bd6 43. Bxd5 Bxd5 44. Be3 Qf5 45. Qa5 Bc4 46. Qa6
Ke6 47. Qc8+ Kf6 48. Bd4+ Kg6 49. Qe8+ Qf7 50. Qxe4+ Qf5 51. Qe8+ Bf7 52. Qc6
Qd5 53. Qc2+ Kh6 54. Qd2+ Kh5 55. Qe2+ Kg6 56. Qc2+ Kg5 57. Qc1+ Kf5 58. Qc8+
Qe6 59. Qc2+ Qe4 60. Qc8+ Kg6 61. Qh8 Qe1+ 62. Kg2 Bd5+ 63. f3 Qe2+ 64. Kg1
Qd1+ 0-1

[Event "FSV-ch 2010"]
[Site "Dortmund"]
[Date "2010.04.29"]
[Round "3.3"]
[White "Hillebrand, Carsten"]
[Black "Borjini, Mohamed"]
[Result "0-1"]
[WhiteElo "1877"]
[BlackElo "1979"]
[PlyCount "94"]
[EventDate "2010.??.??"]

1. c4 g6 2. g3 Bg7 3. Bg2 Nf6 4. Nc3 O-O 5. e4 d6 6. Nge2 c5 7. d4 cxd4 8. Nxd4
Nc6 9. Nxc6 bxc6 10. O-O (10. e5 Ng4 11. exd6 exd6 12. O-O Be6 (12... Ne5 13.
f4 Qb6+) 13. Bxc6) 10... Qb6 11. Qc2 Be6 12. b3 Rac8 13. Be3 Qa5 14. Bd2 (14.
Rad1 d5 15. exd5 cxd5 16. c5 Rfd8 17. Bd4) (14. Rfd1 d5 15. exd5 cxd5 16. c5)
14... Qh5 15. Qd1 Bg4 16. f3 (16. Qe1) 16... Bh3 17. Bxh3 (17. Qe2) 17... Qxh3
18. Rc1 Nh5 19. Ne2 $2 (19. Qe2) 19... f5 20. exf5 Rxf5 21. Rf2 (21. g4 Be5 22.
Rf2 Rxf3 23. gxh5) 21... Rf7 22. Qf1 Qd7 23. Rd1 e5 24. Bb4 d5 25. cxd5 Qb7 26.
Qh3 Rd8 27. Ba5 Rxd5 28. Rxd5 cxd5 29. Qe6 d4 30. g4 d3 31. gxh5 dxe2 32. Rxe2
Qxf3 33. Re1 Qf2+ 34. Kh1 Qf3+ 35. Kg1 Qxh5 36. Rf1 (36. Qe8+ Rf8 37. Qe6+ Kh8
38. Bb4 Qg5+ 39. Kh1 Rf2 40. Qe8+) 36... Qg5+ 37. Kh1 Qe7 38. Qc8+ Bf8 39. Qc4
Kg7 40. Rxf7+ (40. Re1 Qb7+ 41. Kg1 Qf3 42. Bc3 Bd6) 40... Qxf7 41. Bc7 (41.
Bc3 Qf3+ 42. Kg1 Qe3+ 43. Kg2 Bc5) (41. Qxf7+ Kxf7 42. Kg2 Ke6 43. Kf3 Kf5 (
43... Kd5)) (41. Kg2 Qxc4 42. bxc4) 41... Qf3+ 42. Kg1 Qe3+ 43. Kg2 Bc5 44. Qc2
h5 45. Qd1 Qf2+ 46. Kh3 Kh6 47. Ba5 Be3 0-1